000
00220nam a22000857a 4500
008
170614b xxu||||| |||| 00| 0 eng d
100
_9
3397
_a
Nissar. K
245
_a
Click and learn computer
260
_a
New Delhi
_b
Pinnace
_c
2009
999
_c
6757
_d
6757